Statistics for Angra Albums

Click here to take the quiz!

General Stats

  • This quiz has been taken 23 times
    (20 since last reset)
  • The average score is 7 of 9

Answer Stats

YearAlbum% Correct
1996Holy Land
100%
1993Angels Cry
93%
1998Fireworks
93%
2010Aqua
87%
2001Rebirth
87%
2004Temple of Shadows
87%
2018Ømni
73%
2006Aurora Consurgens
67%
2014Secret Garden
60%

Score Distribution

Percentile by Number Answered

Percent of People with Each Score

Your Score History

You have not taken this quiz since the last reset